Normal view
MARC view
- MAREUVITZ, N
Entry Personal Name
001 - CONTROL NUMBER
- control field: 57383
003 - CONTROL NUMBER IDENTIFIER
- control field: NUST
005 - DATE AND TIME OF LATEST TRANSACTION
- control field: 20210628201920.0
008 - FIXED-LENGTH DATA ELEMENTS
- fixed length control field: 210628|| aca||aabn | a|a d
040 ## - CATALOGING SOURCE
- Original cataloging agency: NUST
- Transcribing agency: NUST
100 ## - HEADING--PERSONAL NAME
- Personal name: MAREUVITZ, N
670 ## - SOURCE DATA FOUND
- Source citation: Work cat.: (NUST): MAREUVITZ, N, WAVEGUIDE HANDBOOK, 1951
